[Event "1. Bamberg-Open 2018"]
[Site "Bamberg"]
[Date "2018.05.13"]
[Round "7"]
[White "Maier, Alexander"]
[Black "Schmidt, Justus"]
[Result "1-0"]
[WhiteElo "2267"]
[BlackElo "2136"]
[Annotator "TA"]
[PlyCount "153"]
[EventDate "2018.??.??"]
[EventType "swiss"]
[EventCountry "GER"]
[SourceTitle "playchess.com"]
[Source "ChessBase"]
[SourceQuality "1"]

{[%evp 10,153,12,-25,76,63,78,83,74,43,85,53,102,102,118,94,147,147,160,150,187,165,188,186,204,200,205,199,198,169,168,145,154,150,190,135,211,0,197,145,144,137,147,106,122,121,143,126,160,153,187,187,187,193,188,186,194,162,160,155,145,152,160,151,160,156,158,157,148,145,273,195,198,197,199,0,198,197,341,349,345,258,353,347,355,358,357,324,350,346,396,334,532,533,639,654,731,731,713,689,1036,1020,929,860,855,687,1239,504,529,0,608,297,286,266,372,391,748,495,543,485,550,527,631,626,616,607,777,766,2112,1780,3152,2807,29974,29975,29974,29975,29968,29970,29982,29983,29982,29983,29985,29985,29987,29988]} 1. e4 c5 2. Nf3 Nc6 3. Bb5 g6 4. O-O Bg7 5. c3 Nf6 6. d4 {LiveBook: 144 Games} d5 {B31: Sicilian: 2...Nc6 3 Bb5 g6} (6... Nxe4 $11 {remains equal.} 7. d5 Nd6) (6... cxd4 7. cxd4 Nxe4 8. d5 Nd6 9. Ba4 b5 10. Bc2 Nb4 11. Bb3 O-O 12. Re1 a5 13. a3 Na6 14. Nc3 Re8 15. Bf4 Nc5 16. Bxd6 exd6 17. Rxe8+ Qxe8 18. Nxb5 {0-1 (34) Adnani,M (2448)-Alekseev,E (2616) Riadh 2017}) 7. exd5 $1 $16 Nxd5 8. dxc5 O-O {White is better.} 9. Nbd2 Nc7 10. Bc4 a5 $146 ({Predecessor:} 10... Bf5 11. Nb3 Bg4 12. Be2 e5 13. Nfd2 Bxe2 14. Qxe2 {0-1 (66) Vandenbussche,T (2167)-Philipowski,R (2329) Belgium 2005}) 11. a4 Bf5 12. Qe2 Na6 ({Better is} 12... Ne6) 13. Nb3 Qc7 14. h3 Ncb8 15. Re1 Nc6 16. Bg5 e5 17. Rad1 Kh8 18. Be3 Qe7 19. Rd6 Nc7 20. Red1 Ne8 21. R6d2 Nc7 22. Nh2 ({White should play} 22. Ng5 $18) 22... Qh4 (22... f6 $16 23. Ng4 Rfd8) 23. Nf3 Qe7 $1 24. Bg5 (24. Ng5 $18) 24... f6 25. Be3 Rfe8 26. Nh2 Be6 27. Rd6 Qf7 28. Bxe6 Rxe6 29. Qc4 {Hoping for Rd7.} Re7 (29... Rxd6 $2 30. Qxf7 Rxd1+ 31. Nf1) 30. Qxf7 Rxf7 31. Rd7 Raf8 32. Nf3 Kg8 33. Rxf7 Rxf7 34. Kf1 f5 35. g3 Bf8 36. Nfd2 Ne6 37. Nc4 f4 38. gxf4 exf4 39. Bd4 $1 g5 (39... Rd7 $16 {was worth a try.}) 40. f3 (40. Nbxa5 $6 Nxa5 41. Nxa5 Bxc5 $16) 40... Rd7 41. Ke2 (41. Nbxa5 $6 Nxa5 42. Nxa5 Bxc5 $16) 41... Re7 42. Kf1 Rd7 $1 43. Rd2 (43. Nbxa5 $6 Nxa5 44. Nxa5 Bxc5 $16) 43... Rd8 (43... h6 $142 44. Ke1 (44. Ncxa5 Nxa5 45. Nxa5 Nxc5 $16) 44... Rc7) 44. Bf2 $18 (44. Ncxa5 Nexd4 45. cxd4 Nxa5 $18) ({Don't play} 44. Nbxa5 Nxa5 45. Nxa5 Nxc5 $18) 44... Rxd2 45. Ncxd2 ({Weaker is} 45. Nbxd2 Nxc5 46. Bxc5 Bxc5 $16) 45... Be7 46. Nc4 Bd8 47. Nd6 Bc7 48. Nxb7 Kf7 49. Ke2 h5 50. Nd6+ Kg6 (50... Bxd6 {is a better defense.} 51. cxd6 Ke8) 51. Nd4 Nexd4+ 52. cxd4 {[%mdl 4096] Endgame KBN-KBN} Nb4 53. Nc4 Kf5 54. Be1 Nc2 55. Bc3 g4 56. hxg4+ hxg4 57. fxg4+ Kxg4 58. Ne5+ (58. d5 $142 Kf5 59. d6 Bxd6 60. cxd6) 58... Kf5 59. Nc4 $2 (59. Nf7 $18) 59... Ke4 $2 {[%mdl 8192]} (59... Kg4 $11 60. Kd3 Nb4+ 61. Bxb4 axb4) 60. Nd2+ (60. Nd6+ $142 Kd5 61. Nb5) 60... Kd5 61. Nf3 $1 Ke4 {[#]} 62. Ng5+ $1 Kf5 $2 (62... Kd5 63. Kd3 Ne3) 63. Nf7 Ke6 64. Nh6 Kd5 65. Nf5 Ke4 66. Nd6+ Kd5 67. Nb5 Bb8 68. Bxa5 Ke4 69. c6 f3+ 70. Kf2 Ne3 71. Nc3+ {White mates.} Kf4 72. c7 Ng4+ 73. Kg1 Ba7 74. c8=Q Bxd4+ 75. Kh1 Nf2+ {[#]} 76. Kh2 $1 Ng4+ 77. Kh3 {Precision: White = 75%, Black = 33%.} 1-0

[Event "1. Bamberg-Open 2018"]
[Site "Bamberg"]
[Date "2018.05.13"]
[Round "7"]
[White "Spitzl, Vinzent"]
[Black "Meulner, Klaus"]
[Result "1/2-1/2"]
[WhiteElo "2254"]
[BlackElo "2120"]
[Annotator "NA RC"]
[PlyCount "108"]
[EventDate "2018.??.??"]
[EventType "swiss"]
[EventCountry "GER"]
[SourceTitle "playchess.com"]
[Source "ChessBase"]
[SourceQuality "1"]
[TimeControl "40/5400+30:900+30"]

{[%evp 8,103,10,0,0,2,8,0,9,0,0,0,6,0,22,-15,0,-10,0,-25,0,7,0,32767,-58,-63,-56,-49,-47,-44,-39,-45,-32,-32,0,0,0,0,0,0,12,12,10,12,13,10,14,32767,12,32767,9,18,20,32767,32767,32767,32767,32767,32767,32767,32767,32767,32767,32767,0,0,0,0,0,0,32767,32767,32767,32767,0,0,0,0,0,0,0,0,0,0,0,0,0,0,0,0,0,0,0,0,0,0,0,0]} 1. Nf3 {[%emt 0:16:15]} d5 {[%emt 0:00:58]} 2. b3 {[%emt 0:00:07]} Bg4 {[%emt 0:03:34]} 3. e3 {[%emt 0:00:16]} e6 {[%emt 0:03:14]} 4. h3 {[%emt 0:00:11]} Qf6 {[%emt 0:07:58]} 5. c3 {[%emt 0:00:18]} Bxf3 {[%emt 0:00:17]} 6. Qxf3 {[%emt 0:00:07]} Qxf3 {[%emt 0:00:21]} 7. gxf3 {[%emt 0:00:01]} c5 {[%emt 0:01:20]} 8. f4 {[%emt 0:02:03]} Nc6 {[%emt 0:00:27]} 9. Bb2 {[%emt 0:06:56]} Nge7 {[%emt 0:01:14]} 10. d4 {[%emt 0:02:31]} Nf5 {[%emt 0:03:04]} 11. Nd2 {[%emt 0:01:11]} cxd4 {[%emt 0:01:18]} 12. cxd4 {[%emt 0:00:49]} Be7 {[%emt 0:01:40]} 13. a3 {[%emt 0:02:33]} O-O {[%emt 0:10:19]} 14. Bd3 {[%emt 0:01:04]} Nd6 {[%emt 0:02:05]} 15. h4 {[%emt 0:02:09]} h5 {[%emt 0:06:35]} 16. Rc1 {[%emt 0:03:33]} Rfc8 {[%emt 0:00:56]} 17. Ke2 {[%emt 0:05:10]} a5 {[%emt 0:04:03]} 18. a4 {[%emt 0:00:15]} Nb4 {[%emt 0:00:46]} 19. Bb1 {[%emt 0:05:46]} Rxc1 {[%emt 0:01:10]} 20. Rxc1 {[%emt 0:00:18]} Bxh4 {[%emt 0:10:10]} 21. Rh1 {[%emt 0:00:27]} Be7 {[%emt 0:00:07]} 22. Rxh5 {[%emt 0:00:08]} g6 {[%emt 0:03:33]} 23. Rh1 {[%emt 0:00:09]} Rc8 {[%emt 0:00:23]} 24. Rc1 {[%emt 0:03:45]} Rxc1 {[%emt 0:01:29]} 25. Bxc1 {[%emt 0:00:01]} f5 {[%emt 0:09:20]} 26. Nf3 {[%emt 0:03:32]} Nc6 {[%emt 0:07:41]} 27. Bd2 {[%emt 0:02:49]} Ne4 {[%emt 0:02:00]} 28. Be1 {[%emt 0:02:33]} Kf7 {[%emt 0:03:23]} 29. Bd3 {[%emt 0:14:38]} g5 {[%emt 0:03:46]} 30. fxg5 {[%emt 0:05:38]} Nxg5 {[%emt 0:00:10]} 31. Ne5+ {[%emt 0:02:47]} Nxe5 {[%emt 0:00:47]} 32. dxe5 {[%emt 0:00:07]} Bb4 {[%emt 0:01:40]} 33. Bxb4 {[%emt 0:00:49]} axb4 {[%emt 0:00:05]} 34. f3 {[%emt 0:00:06]} Ke7 {[%emt 0:01:36]} 35. Bb5 {[%emt 0:05:09]} b6 {[%emt 0:02:27]} 36. Kf2 {[%emt 0:00:55]} Nf7 {[%emt 0:00:21]} 37. f4 {[%emt 0:01:46]} Nd8 {[%emt 0:00:29]} 38. Ba6 {[%emt 0:00:46]} Nc6 {[%emt 0:00:10]} 39. Bd3 {[%emt 0:00:14]} Na5 {[%emt 0:00:36]} 40. Bc2 {[%emt 0:00:11]} Nb7 {[%emt 0:16:30]} 41. Ke2 {[%emt 0:16:02]} Nc5 {[%emt 0:00:29]} 42. Kd2 {[%emt 0:00:21]} Kd7 {[%emt 0:00:50]} 43. Ke2 {[%emt 0:01:14]} Kc6 {[%emt 0:00:36]} 44. Kd2 {[%emt 0:04:47]} Nb7 {[%emt 0:00:00]} 45. Bd1 {[%emt 0:00:00]} Nc5 {[%emt 0:00:00]} 46. Kc2 {[%emt 0:00:00]} Ne4 {[%emt 0:00:00]} 47. Bh5 {[%emt 0:00:00]} Nc5 {[%emt 0:00:00]} 48. Be8+ {[%emt 0:00:00]} Kc7 {[%emt 0:00:00]} 49. Bb5 {[%emt 0:00:00]} Kd8 {[%emt 0:00:00]} 50. Be2 {[%emt 0:00:00]} Ke7 {[%emt 0:00:00]} 51. Bf1 {[%emt 0:00:00]} Kf7 $11 {[%emt 0:00:00]} 52. Bb5 {[%emt 0:00:00]} Kg7 {[%emt 0:00:00]} 53. Be8 {[%emt 0:00:00]} Kf8 {[%emt 0:01:06]} 54. Bb5 {[%emt 0:00:00]} Ke7 1/2-1/2

[Event "1. Bamberg-Open 2018"]
[Site "Bamberg"]
[Date "2018.05.13"]
[Round "7"]
[White "Schulz, Karsten"]
[Black "Schulz, Lukas"]
[Result "1-0"]
[WhiteElo "2246"]
[BlackElo "2276"]
[Annotator "TA"]
[PlyCount "69"]
[EventDate "2018.??.??"]
[EventType "swiss"]
[EventCountry "GER"]
[SourceTitle "playchess.com"]
[Source "ChessBase"]
[SourceQuality "1"]

{[%evp 9,69,-5,0,-35,-39,-30,-15,-23,-12,-22,0,-31,0,-20,-18,-16,-16,-19,0,0,0,-82,-91,-83,-56,-91,0,0,0,0,0,-29,-25,-31,0,0,129,138,159,141,275,272,282,288,288,305,291,277,413,404,486,451,554,383,675,656,1052,1042,2787,1009,989,988]} 1. Nf3 d5 2. g3 h5 (2... g6 3. Bg2 Bg7 4. d4 Nf6 5. O-O O-O 6. c4 c6 7. Qb3 Qb6 8. Nc3 Bf5 9. Ne5 Be6 10. Qd1 dxc4 11. Na4 Qd8 12. Nc5 Qc8 13. Qc2 Bh3 14. Qxc4 Bxg2 15. Kxg2 Nbd7 16. Ncd3 Nxe5 17. dxe5 Nd5 {1-0 (36) Nakamura,H (2787)-Kramnik,V (2800) Moscow 2018}) 3. Bg2 Nc6 4. d3 e5 5. c4 d4 6. h4 $146 {A07: Réti Opening: New York and Capablanca Systems} ({Predecessor:} 6. O-O h4 7. Nxh4 Be7 8. Nf3 g5 9. e4 Bg4 10. Nbd2 {1-0 (39) Pirisi,G (2260)-Kadas,G (2224) Hungary 2003}) 6... Nh6 7. Na3 {[%cal Bb1a3,Ba3c2,Bc2b4,Bb4d5][%mdl 32]} Be7 8. Nc2 {The position is equal.} Ng4 9. a3 Bf5 10. Nd2 Qd7 11. b4 {[%cal Bb2b4,Bb4b5][%mdl 32]} O-O $36 {[%mdl 2048] Black has some pressure.} 12. b5 Nd8 13. Nb4 Bg6 14. Nd5 Bd6 15. Ne4 (15. f3 $11 Nf6 16. Nxf6+ gxf6 17. O-O) 15... c6 $17 16. bxc6 bxc6 {Threatens to win with ...Bxe4.} 17. Qa4 {[#]} f5 (17... Bxe4 $1 $17 18. Bxe4 f5) 18. Nxd6 $11 Qxd6 19. Qb4 c5 20. Qa5 {aiming for Bg5.} Ne6 21. f4 e4 22. Rb1 e3 (22... Kh7 $11) 23. O-O $16 Kh8 24. a4 {[%cal Ba3a4,Ba4a5][%mdl 32]} Rab8 (24... Rfd8 $16) 25. Ba3 $18 Rxb1 26. Rxb1 Rb8 27. Rxb8+ Qxb8 28. Qb5 Qd6 (28... Qd8 $142 29. Bxc5 Be8) 29. a5 Kh7 30. Bf3 Nf2 31. Kg2 Kh6 $2 {[#]} (31... Ne4 32. Qb7 (32. dxe4 fxe4 33. Nf6+ gxf6 $11) 32... Nd2 33. Qxa7 Nxf3) 32. Qb7 {White is clearly winning.} Be8 33. Qxa7 Bc6 34. Qe7 (34. Qf7 $142 Ng4 35. Ne7) 34... Qxe7 35. Nxe7 {Precision: White = 57%, Black = 27%.} 1-0

[Event "1. Bamberg-Open 2018"]
[Site "Bamberg"]
[Date "2018.05.13"]
[Round "7"]
[White "Loew, Gerald"]
[Black "Grosshans, Ralf-Michael"]
[Result "1/2-1/2"]
[WhiteElo "2202"]
[BlackElo "2119"]
[Annotator "TA"]
[PlyCount "35"]
[EventDate "2018.??.??"]
[EventType "swiss"]
[EventCountry "GER"]
[SourceTitle "playchess.com"]
[Source "ChessBase"]
[SourceQuality "1"]

{[%evp 13,35,33,32,8,8,-13,-12,-15,0,0,24,16,40,6,5,-2,0,0,1,-14,1,-13,0,-25]} 1. c4 Nf6 2. g3 g6 3. Bg2 Bg7 4. Nc3 d6 5. e4 c5 (5... O-O 6. Nge2 c6 7. O-O a6 8. d4 b5 9. cxb5 axb5 10. e5 Ne8 11. Nxb5 Ba6 12. Nbc3 dxe5 13. dxe5 Qxd1 14. Rxd1 Bxe5 15. Bf4 Bxe2 16. Nxe2 Bxf4 17. Nxf4 {1-0 (54) Harikrishna,P (2744)-Rakhmanov,A (2653) Riadh 2017}) 6. Nge2 {A16: English Opening: 1...Nf6 with ...d5} e5 7. d3 Nc6 {LiveBook: 6 Games} 8. Bg5 {White is slightly better.} h6 9. Bxf6 (9. Be3 {is more complex.} O-O 10. f3 a6 11. O-O Bd7 12. Qd2) 9... Bxf6 10. O-O O-O 11. a3 Nd4 $146 ({Predecessor:} 11... Bg7 12. Nd5 Be6 13. Rb1 Bxd5 14. exd5 Nd4 15. Nxd4 exd4 16. b4 b6 {½-½ (52) Grill,R (2134)-Ruzicka,A (2053) Czechia 2012}) 12. b4 b6 13. Rb1 Bg4 {The position is equal.} 14. f3 Nxe2+ 15. Qxe2 Be6 16. Rb3 Rc8 17. Ra1 Qd7 18. h4 {Precision: White =  3%, Black = 21%.} 1/2-1/2

[Event "1. Bamberg-Open 2018"]
[Site "Bamberg"]
[Date "2018.05.13"]
[Round "7"]
[White "Friedel, Marcus"]
[Black "Walter, Thomas"]
[Result "1-0"]
[WhiteElo "2190"]
[BlackElo "2070"]
[Annotator "TA"]
[PlyCount "89"]
[EventDate "2018.??.??"]
[EventType "swiss"]
[EventCountry "GER"]
[SourceTitle "playchess.com"]
[Source "ChessBase"]
[SourceQuality "1"]

{[%evp 10,89,12,7,54,54,49,46,54,45,47,51,79,87,116,72,110,99,178,162,258,258,253,259,250,267,293,297,277,288,314,312,414,411,421,439,512,501,550,528,560,550,575,580,641,595,647,645,697,674,660,623,689,687,666,650,981,985,985,984,987,970,711,972,930,868,707,692,1108,1065,1338,1281,1083,1032,5670,5783,4810,4810,5389,5389,5385,5160]} 1. c4 e5 2. g3 Nc6 3. Bg2 g6 4. Nc3 Bg7 5. Rb1 Nge7 6. b4 {[%cal Bb2b4,Bb4b5][%mdl 32] LiveBook: 29 Games} a5 {A25: English Opening vs King's Indian with ...Nc6 but without early d3} (6... a6 7. e3 O-O 8. Nge2 d6 9. O-O Rb8 10. d3 h6 {½-½ (10) Georgiev,V (2559)-Sevillano,E (2500) Los Angeles 2013}) 7. b5 Nd4 8. e3 Ne6 {White is slightly better.} 9. Nge2 O-O 10. O-O $146 ({Predecessor:} 10. d3 c6 11. O-O d6 12. bxc6 bxc6 13. Ba3 Ra7 14. Qa4 {1-0 (48) Barcza,G-Calero,I Havana 1963}) 10... f5 11. d4 d6 12. b6 cxb6 13. dxe5 dxe5 (13... Bxe5 $16 14. Nd5 Ra6) 14. Ba3 $18 {[#] Strongly threatening Qxd8.} Re8 (14... Bd7 $142 15. Rxb6 (15. Bxb7 Rb8 $16) 15... Qxb6) 15. Qxd8 Nxd8 16. Bxe7 ({Less strong is} 16. Rxb6 Ndc6 $16) 16... Rxe7 {[#]} 17. Nd5 $1 {[%cal Rd5e7]} ({Weaker is} 17. Rxb6 e4 $14) 17... Kf8 18. Nxe7 Kxe7 19. Rxb6 Be6 20. Bd5 Bd7 21. Bxb7 Rb8 22. Rfb1 {White is clearly winning.} e4 23. Bd5 Rc8 24. Nd4 Be5 25. Ra6 a4 26. h4 Bf6 27. Rbb6 Bg7 28. Ne6 Be5 29. Nxd8 Kxd8 30. Be6 Rc7 31. Ra5 Bxe6 32. Rxe6 {[%mdl 4096] Endgame KRR-KRB} Bc3 33. Rd5+ Kc8 34. c5 Kb7 35. Rd7 Rxd7 {KRB-KR} 36. c6+ Kc7 37. cxd7 Kxd7 {KR-KB} 38. Ra6 Be5 39. Rxa4 Kc6 40. Ra7 Bc7 41. Kf1 Kb6 42. Ra8 Be5 43. Re8 Bc3 44. Re7 Kb5 45. Rxh7 {Precision: White = 96%, Black = 16%.} 1-0

[Event "1. Bamberg-Open 2018"]
[Site "Bamberg"]
[Date "2018.05.13"]
[Round "7"]
[White "Pfadenhauer, Johannes"]
[Black "Schmitz, Bjoern"]
[Result "1-0"]
[WhiteElo "2167"]
[BlackElo "2047"]
[Annotator "TA"]
[PlyCount "71"]
[EventDate "2018.??.??"]
[EventType "swiss"]
[EventCountry "GER"]
[SourceTitle "playchess.com"]
[Source "ChessBase"]
[SourceQuality "1"]

{[%evp 22,71,12,-2,8,0,17,-9,8,10,6,8,29,28,30,2,3,6,14,2,22,35,52,37,66,51,44,55,85,56,37,51,53,42,91,30,19,21,89,84,74,62,422,432,429,417,29994,29995,29995,-821,29996,29997]} 1. d4 d5 2. c4 c6 3. Nf3 Nf6 4. Nc3 dxc4 5. a4 Bf5 6. e3 e6 7. Bxc4 Bb4 8. O-O Nbd7 9. Qe2 O-O 10. e4 Bg6 11. e5 Nd5 12. Ne4 {LiveBook: 40 Games} Re8 {D19: Slav Defence: 5 a4 Bf5 6 e3: Main line with 9 Qe2} (12... Be7 13. a5 c5 14. Nxc5 Nxc5 15. dxc5 Rc8 16. a6 bxa6 17. Rxa6 Bxc5 18. b3 Nb4 19. Bg5 Qc7 20. Ra4 Bh5 21. Re1 {½-½ (21) Pelletier,Y (2604)-Wirig,A (2481) Lille 2013}) 13. Bg5 Qc7 14. Rac1 Rac8 $146 {The position is equal.} ({Predecessor:} 14... h6 15. Bd2 Be7 16. Rfd1 a5 17. h3 N7b6 18. Bb3 Nb4 19. g4 Qd8 20. Kg2 {1-0 (29) Nystrom,R (2154)-Sandklef,A Linkoping 2001}) 15. Nh4 Bxe4 16. Qxe4 h6 17. Be3 Qd8 18. Bd3 {White wants to mate with Qh7+.} (18. Rc2 {is interesting.} a6 19. g3 Nf8 20. Ng2 Qd7 21. Nf4) 18... Nf8 $1 19. Nf3 {[%cal Bh4f3,Bf3g1,Bg1e2][%mdl 32]} Nxe3 20. fxe3 Qe7 21. Rc2 {[%cal Bc1c2,Bc2f2,Bf2f4][%mdl 32]} Red8 22. Rcf2 Rd7 23. Kh1 c5 24. Ng1 cxd4 25. exd4 Qd8 26. Ne2 Ba5 27. Rf4 Bb6 28. Bb1 (28. Bb5 $16 Rdc7 29. Qf3) 28... Rc4 29. Qf3 {[%cal Rf4f7]} Qc7 (29... Qe7 $11) 30. Bd3 $1 $36 {[%cal Rd3c4,Bb1d3,Bd3b5,Bb5e8][%mdl 2080] Keeping Black busy.} Rb4 {[%cal Rb6d4]} 31. Bb5 Re7 $2 {[%mdl 8192] [#]} (31... Ng6 $14) 32. Be8 $1 $18 {[%cal Re8f7][%mdl 512]} Rxe8 33. Rxf7 Qd8 {[#]} (33... Rc4 $18 34. b3 Rc6 35. Rxc7 Rxc7) 34. Rxg7+ $3 {[%mdl 512]} Kxg7 {[#]} 35. Qf7+ $1 Kh8 36. Rf6 {Precision: White = 72%, Black = 31%.} 1-0

[Event "1. Bamberg-Open 2018"]
[Site "Bamberg"]
[Date "2018.05.13"]
[Round "7"]
[White "Seibold, Hubert"]
[Black "Goldbeck, Lars"]
[Result "0-1"]
[WhiteElo "2133"]
[BlackElo "2247"]
[Annotator "TA"]
[PlyCount "84"]
[EventDate "2018.??.??"]
[EventType "swiss"]
[EventCountry "GER"]
[SourceTitle "playchess.com"]
[Source "ChessBase"]
[SourceQuality "1"]

{[%evp 16,84,33,30,64,22,20,28,22,-27,45,28,48,31,44,39,86,91,84,82,80,75,74,67,86,-79,-74,-62,-47,-158,-141,-151,-135,-151,-119,-142,-138,-202,-208,-272,-288,-265,-254,-274,-226,-271,-254,-246,-243,-237,-250,-292,-297,-426,-435,-413,-421,-429,-426,-408,-406,-399,-337,-373,-344,-343,-347,-348,-356,-345,-337]} 1. c4 Nf6 2. g3 g6 3. Nf3 Bg7 4. Bg2 O-O 5. O-O d6 6. d4 Nc6 7. Nc3 a6 8. b3 Rb8 9. Bd2 {LiveBook: 8 Games. E63: King's Indian: Fianchetto: Panno Variation with 7...a6} (9. d5 Na5 10. Bd2 c5 11. dxc6 Nxc6 12. Qc1 Bd7 13. Bh6 b5 14. Bxg7 Kxg7 15. cxb5 axb5 16. Qb2 Kg8 17. b4 Qb6 18. Rfd1 Rfc8 {½-½ (77) Inarkiev,E (2689)-Zhao,J (2604) Riadh 2017}) 9... b5 10. cxb5 axb5 11. Rc1 {The position is equal.} Bd7 12. a4 $146 ({Predecessor:} 12. d5 Nb4 13. Be1 c6 14. dxc6 Nxc6 15. Nd2 b4 16. Na4 d5 {0-1 (35) Vojinovic,G (2443)-Terrieux,K (2423) France 2010}) 12... Na7 (12... bxa4 $11 13. bxa4 Na5) 13. Qc2 bxa4 14. bxa4 Qc8 15. e4 Rd8 16. e5 dxe5 17. dxe5 Bf5 18. Qa2 Be6 19. Qa3 Nd7 20. Bg5 $2 {[#]} ({Much worse is} 20. Qxe7 Nc6 $11) (20. Ne4 $16 {stays on course.}) 20... Rb3 $1 $17 {[%cal Rb3a3]} 21. Qa1 Nxe5 22. Nd2 (22. Nxe5 $15 Bxe5 23. Rfe1) 22... Rb8 23. Rb1 h6 24. Be3 Nac6 $36 {[%cal Ba7c6,Bc6b4,Bb4a6,Ba6c5][%mdl 2080] Black is really pushing.} 25. Rxb8 Qxb8 26. Qa3 (26. Qb1 $17) 26... Rd3 $19 {[#] Strongly threatening ...Nc4.} 27. Ndb1 Nc4 28. Qc5 Nxe3 ({Much less strong is} 28... Bxc3 29. Nxc3 Nxe3 30. fxe3 $17) 29. fxe3 Nb4 30. Nb5 Na6 31. Qc6 Qb6 32. Qxb6 cxb6 33. Kf2 Nc5 34. Ke2 (34. Bf3 {was necessary.}) 34... Rb3 35. Nd2 Rb2 36. Kd1 Nxa4 37. Nd4 Bxd4 38. exd4 Rb4 39. d5 Nc3+ 40. Kc2 Nxd5 {Hoping for ...Ne3+.} 41. Re1 Nf6 42. Kc3 Rb5 {Precision: White = 41%, Black = 66%.} 0-1

[Event "1. Bamberg-Open 2018"]
[Site "Bamberg"]
[Date "2018.05.13"]
[Round "7"]
[White "Wichmann, Adrian"]
[Black "Hovsepyan, Vardan"]
[Result "0-1"]
[WhiteElo "2126"]
[BlackElo "2244"]
[Annotator "TA"]
[PlyCount "52"]
[EventDate "2018.??.??"]
[EventType "swiss"]
[EventCountry "GER"]
[SourceTitle "playchess.com"]
[Source "ChessBase"]
[SourceQuality "1"]

{[%evp 15,52,30,63,19,24,22,38,31,32,31,56,52,49,-52,-41,-50,-42,-43,-35,-50,-34,-33,-27,-61,-61,-63,-52,-49,-65,-62,-61,-45,-67,-804,-804,-7740,-4005,-29994,-29995]} 1. e4 e5 2. Nf3 Nc6 3. Bc4 Nf6 4. Ng5 d5 5. exd5 Na5 6. Bb5+ Bd7 7. Qe2 Bd6 8. Nc3 O-O {LiveBook: 14 Games} 9. Nge4 {C58: Two Knights: 4 Ng5 d5 5 exd5 Na5 sidelines} Nxe4 10. Nxe4 Be7 11. Bxd7 {White is slightly better.} Qxd7 12. c4 c6 13. Nc3 b5 $146 ({Predecessor:} 13... Bb4 14. O-O Bxc3 15. dxc3 cxd5 {1-0 (35) Sulskis,S (2559)-Perez Rodriguez,L (2427) Montreal 2013}) 14. d6 ({Inferior is} 14. Qxe5 Bf6 $17) ({White should try} 14. d3 $1 $14) 14... Bxd6 $15 15. cxb5 Rab8 {[%cal Rc6b5]} 16. bxc6 Nxc6 {[%cal Ba5c6,Bc6d4,Bd4f5,Bf5e3][%mdl 32]} 17. O-O Nd4 {[%mdl 1024] Black has compensation.} 18. Qd1 f5 19. d3 f4 {[#] ...f3 is the strong threat.} 20. f3 Bc5 {And now ...Nc2+ would win.} 21. Kh1 Nf5 {Strongly threatening ...Ng3+!} 22. Ne4 Bd4 $36 {[%mdl 2048] Black has good play.} 23. Rb1 Rb6 24. g4 $2 {[%mdl 8192]} (24. Bd2 $15) 24... fxg3 $1 $19 25. hxg3 Ne3 {[#] ( -> ...Qh3+)} 26. Bxe3 Qh3+ {Precision: White = 49%, Black = 79%.} ({Not} 26... Bxe3 27. Kg2 $11) 0-1

[Event "1. Bamberg-Open 2018"]
[Site "Bamberg"]
[Date "2018.05.13"]
[Round "7"]
[White "Boehme, Markus"]
[Black "Neubauer, Bernd"]
[Result "1-0"]
[WhiteElo "2071"]
[BlackElo "2167"]
[Annotator "TA"]
[PlyCount "73"]
[EventDate "2018.??.??"]
[EventType "swiss"]
[EventCountry "GER"]
[SourceTitle "playchess.com"]
[Source "ChessBase"]
[SourceQuality "1"]

{[%evp 18,73,64,7,44,33,49,41,39,9,33,32,50,21,110,108,103,96,100,98,164,108,181,181,228,226,224,216,201,189,281,239,223,229,223,150,156,157,144,155,251,241,243,199,228,219,256,274,277,248,221,208,283,279,279,268,262,256]} 1. e4 c5 2. Nf3 d6 3. d4 cxd4 4. Nxd4 a6 5. Nc3 Nf6 6. Be2 e5 7. Nb3 Be6 8. f4 exf4 {B92: Sicilian Najdorf: 6 Be2} (8... Nbd7 9. f5 Bxb3 10. axb3 d5 11. exd5 {½-½ (11) Felgaer,R (2580)-Obregon,C (2531) Asuncion 2015}) 9. Bxf4 Nc6 10. O-O {LiveBook: 14 Games} (10. Qd3 $14) 10... d5 {The position is equal.} (10... Ne5 {seems wilder.} 11. Qe1 Be7 12. Rd1 Nfd7 13. Nd4 O-O) 11. exd5 Nxd5 12. Nxd5 Qxd5 13. Bf3 $146 ({Predecessor:} 13. Qxd5 Bxd5 14. c4 Be6 15. Rad1 Be7 16. Be3 {½-½ (52) Kruk,S (1935)-Alvarez Sabor,J (2084) ICCF email 2008}) 13... Qxd1 (13... Bc5+ {feels hotter.} 14. Kh1 Qxd1 15. Rfxd1 Bb6 16. c3 Rd8) 14. Raxd1 Be7 15. Bd6 (15. c3 {looks sharper.} Rd8 16. Be3 Rxd1 17. Rxd1 f6 18. Nc5) 15... Bxb3 (15... Rd8 $11 {keeps the balance.} 16. Bxe7 Rxd1 17. Rxd1 Kxe7) 16. axb3 Bxd6 17. Bxc6+ $1 bxc6 18. Rxd6 $11 {[%mdl 4096] Endgame KRR-KRR} Rc8 (18... O-O $16 {is a better defense.}) 19. Re1+ $18 Kf8 20. Rd7 $1 {Hoping for Ree7.} g6 21. Ree7 Kg7 22. Rxf7+ Kh6 23. Rc7 Kg5 (23... Rxc7 {was worth a try.} 24. Rxc7 Rd8) 24. Kf2 h5 25. Rxc8 Rxc8 {KR-KR} 26. Kf3 h4 27. Re7 Rf8+ 28. Ke3 Rf6 {[#]} (28... Rf1 $16 29. Re5+ Rf5 30. Rxf5+ Kxf5) 29. Re5+ $1 Kg4 30. Re4+ Kg5 31. h3 Rd6 32. Re5+ Kh6 33. Rc5 Re6+ 34. Kf3 Rf6+ 35. Kg4 {White has a decisive advantage.} Rf2 {[#]} 36. g3 $1 ({Not} 36. Kxh4 Rxg2 37. Rxc6 a5 $16) 36... hxg3 37. Kxg3 {Precision: White = 70%, Black = 42%.} 1-0